| 000 | 00452nam a22001817a 4500 | ||
|---|---|---|---|
| 005 | 20251108170915.0 | ||
| 008 | 250721s1992 xx 000 0 ara d | ||
| 082 | 1 | 4 | _aط/551.483/أنه |
| 245 | 1 | 0 | _aالأنهار / |
| 250 | _aط2 | ||
| 264 | 1 |
_aبيروت : _bمكتبة لبنان، _c1992. |
|
| 300 | _a31ص | ||
| 490 | 0 | _aكتب الفراشة | |
| 650 | 1 | 7 | _aالأنهار |
| 650 | 1 | 7 | _aالمياه |
| 942 |
_2ddc _cBK |
||
| 999 |
_c51822 _d51822 |
||